| 000 | 00426nam a2200133 a 4500 | ||
|---|---|---|---|
| 005 | 20141022142007.0 | ||
| 008 | 110309s19uu xx 00 eng d | ||
| 050 |
_aVCD _bM54 200? |
||
| 100 | _aMercado, Cesar | ||
| 245 | _aAdvances in development communication, planning, management, implementation, monitoring,evaluation. | ||
| 260 |
_aQuezon City : _bDCAAP, _c200?. |
||
| 650 | _aDevelopmental communication. | ||
| 942 | _cAVM | ||
| 999 |
_c276572 _d276572 |
||